Smart guide to JECA mathematics & aptitude : (Record no. 93018)

MARC details
000 -LEADER
fixed length control field 00584nam a22001817a 4500
005 - DATE AND TIME OF LATEST TRANSACTION
control field 20150601105252.0
010 ## - LCCN (DPL NO)
LC control number ENG-112830
020 ## - INTERNATIONAL STANDARD BOOK NUMBER
Terms of availability 600.00
International Standard Book Number 9789380599625
035 ## - SYSTEM CONTROL NUMBER
System control number EN-96362
037 ## - SOURCE OF ACQUISITION
Source of stock number/acquisition DBAD/PUB
082 ## - DEWEY DECIMAL CLASSIFICATION NUMBER
Classification number 000
245 ## - TITLE STATEMENT
Title Smart guide to JECA mathematics & aptitude :
Remainder of title a complete book for West Bengal MCA entrance test
250 ## - EDITION STATEMENT
Edition statement 3rd ed.
260 ## - PUBLICATION, DISTRIBUTION, ETC. (IMPRINT)
Place of publication, distribution, etc Kolkata
Name of publisher, distributor, etc Academic Publishers
Date of publication, distribution, etc 2012
270 ## - ADDRESS
Address 5A Bhawani Dutta Lane,
City Kolkata
Postal code 700073
Electronic mail address www.acabooks.net
300 ## - PHYSICAL DESCRIPTION
Extent vii, 906 p. :
Dimensions 25cm(pbk)
Other physical details ill.
942 ## - ADDED ENTRY ELEMENTS (KOHA)
Source of classification or shelving scheme Dewey Decimal Classification
Item type English Books
Call number suffix SMA
Classification part 000
Holdings
Withdrawn status Lost status Not for loan Collection code Home library Current library Date acquired Source of acquisition Cost, normal purchase price Full call number Barcode Copy number Cost, replacement price Koha item type
    Not For Loan Non-fiction D.B.Act.Division D.B.Act.Division 16/04/2015 DBAD/PUB 600.00 000 SMA EN-96362 1 600.00 English Books

© Delhi Public Library
Hit Counter
free hit counter